Prázdniny v Česku /
Autor reflektuje v knize svůj dvouměsíční výlet okolo Česka. Cestuje lodí, autem, pěšky či na oslu. Kromě popisu cest a svých dobrodružství se v knize objevují historicko-kulturní souvislosti a zajímavosti.
Uloženo v:
| Hlavní autor: | |
|---|---|
| Médium: | E-kniha |
| Jazyk: | Czech |
| Vydáno: |
Praha :
Kniha Zlin,
2021
|
| Vydání: | Vydání první |
| Témata: | |
| Tagy: |
Žádné tagy |
| LEADER | 03289nam a2200697 i 4500 | ||
|---|---|---|---|
| 001 | 312287 | ||
| 003 | CZ PrSKC | ||
| 005 | 20260601215720.0 | ||
| 007 | ta | ||
| 008 | 211026s2021 xr a e 000 1acze | ||
| 015 | |a cnb003365998 | ||
| 020 | |a 9788076627406 |q (soubor 2024) : |c Kč 1999,00 | ||
| 020 | |a 978-80-7662-224-1 |q (vázáno) : |c Kč 449,00 | ||
| 035 | |a (OCoLC)1288051829 | ||
| 035 | |a (OCoLC)1291385204 | ||
| 040 | |a ABA001 |b cze |e rda | ||
| 043 | |a e-xr--- | ||
| 045 | |a y2y2 | ||
| 072 | 7 | |a 913(437) |x Geografie Česka a Slovenska, reálie, cestování |2 Konspekt | |
| 072 | 7 | |a 929 |x Biografie |2 Konspekt | |
| 080 | |a 910.4-051 |2 MRF | ||
| 080 | |a 910.4 |2 MRF | ||
| 080 | |a 796.57:629.331 |2 MRF | ||
| 080 | |a 929 |2 MRF | ||
| 080 | |a 908(437.3) |2 MRF | ||
| 080 | |a (437.3) |2 MRF | ||
| 080 | |a (0:82-992) |2 MRF | ||
| 080 | |a (0:82-322.6) |2 MRF | ||
| 100 | 1 | |a Zibura, Ladislav, |d 1992- |7 ola2015893402 |4 aut | |
| 245 | 1 | 0 | |a Prázdniny v Česku / |c Ladislav Zibura |
| 250 | |a Vydání první | ||
| 264 | 1 | |a Praha : |b Kniha Zlin, |c 2021 | |
| 300 | |a 394 stran : |b barevné ilustrace ; |c 21 cm | ||
| 336 | |a text |b txt |2 rdacontent | ||
| 337 | |a bez média |b n |2 rdamedia | ||
| 338 | |a svazek |b nc |2 rdacarrier | ||
| 500 | |a Část nákladu distribuována v roce 2024 jako soubor 6 knih (Prázdniny v Česku, Všechny cesty vedou do Santiaga, 40 dní pěšky do Jeruzaléma, Pěšky mezi buddhisty a komunisty, Už nikdy pěšky po Arménii a Gruzii, Prázdniny v Evropě) ve společném kartonovém pouzdru bez souborného názvu; ISBN souboru pouze na krabici | ||
| 520 | 2 | |a Autor reflektuje v knize svůj dvouměsíční výlet okolo Česka. Cestuje lodí, autem, pěšky či na oslu. Kromě popisu cest a svých dobrodružství se v knize objevují historicko-kulturní souvislosti a zajímavosti. | |
| 600 | 1 | 7 | |a Zibura, Ladislav, |d 1992- |7 ola2015893402 |2 czenas |
| 648 | 7 | |a 20.-21. století |7 ch462155 |2 czenas | |
| 648 | 7 | |a 2020 |7 ch1076231 |2 czenas | |
| 648 | 7 | |a 2011-2020 |7 ch460589 |2 czenas | |
| 650 | 0 | 7 | |a cestovatelé |7 ph119109 |z Česko |y 20.-21. století |2 czenas |
| 650 | 0 | 7 | |a cesty a pobyt |7 ph137578 |z Česko |y 2011-2020 |2 czenas |
| 650 | 0 | 7 | |a autoturistika |7 ph391048 |z Česko |y 2011-2020 |2 czenas |
| 650 | 0 | 9 | |a travellers |z Czechia |y 20th-21st centuries |2 eczenas |
| 650 | 0 | 9 | |a voyages and travels |z Czechia |y 2011-2020 |2 eczenas |
| 650 | 0 | 9 | |a automobile travel |z Czechia |y 2011-2020 |2 eczenas |
| 651 | 7 | |a Česko |7 ge128065 |x vlastivěda |2 czenas | |
| 651 | 9 | |a Czechia |x description and travel |2 eczenas | |
| 655 | 7 | |a cestopisy |7 fd131956 |2 czenas | |
| 655 | 7 | |a autobiografické příběhy |7 fd131891 |2 czenas | |
| 655 | 9 | |a books of travels |2 eczenas | |
| 655 | 9 | |a autobiographical stories |2 eczenas | |
| 740 | 0 | 2 | |a Ladislav Zibura - box 1-6 |
| 900 | |a ABA001 |b 20 | ||
| 928 | 9 | |a Albatros Media - Kniha Zlin | |
| 044 | |a xr | ||
| 910 | |a RBIT002 | ||
| 998 | |d 398045 |a https://core.palmknihy.cz/api/books/398045/cover?s8n698 |b https://core.palmknihy.cz/api/books/398045/cover/400?s8n698 |c https://core.palmknihy.cz/api/books/398045/cover/50?s8n698 |e 2031-04-19 |g 408 |i 9788076622241 |j https://core.palmknihy.cz/api/books/398045/preview.epub |k https://core.palmknihy.cz/api/books/398045/preview.pdf |l |q 49 |r 1 |s https://www.palmknihy.cz/kniha/398045 |t ebook |y 2021 |z 0 | ||
| 999 | |d 312285 | ||